000 00890nam a22002417a 4500
999 _c15755
_d15755
003 MIRAKIL
005 20240322135617.0
008 240322b tu ||||| |||| 00| 0 tur d
020 _a9789751624314
040 _aTR-AnCHP
_cTR-AnCHP
041 _atur
082 _a398.2
_bH24 2011
245 1 0 _aHakas destanları 3 :
_bHan Orba /
_chazırlayan: Erhan Aktaş.
260 _aAnkara :
_bTürk Dil Kurumu,
_c2011.
300 _ac. "3." (254 s.) ;
_c24 cm.
490 0 _aAtatürk Kültür, Dil ve Tarih Yüksek Kurumu Türk Dil Kurumu yayınları ;
_v1044.
490 0 _aTürk Dünyasının Tespiti, Türkiye Türkçesine Aktarılması ve Yayımlanması Projesi ;
_v46.
500 _aDizin vardır
504 _aKaynakça: 253-254. ss
650 0 _97722
_aDestanlar
856 _zDijital Nüshası için Partimizin Kütüphane Sorumlusu ile iletişime geçiniz.
942 _2ddc
_cBKS